000 002910000a22001090004500
090 _aAS
_bSeriadas
245 1 0 _aSapotacea nueva en la flora de Colombia
041 0 _aEspañol
100 1 _aGarcía Barriga, Hernando
_912170
942 _cARTICULO
773 1 _tCaldasia
_345
_h58
_q291-293
_d1978
_g12
999 _c14579
_d14579